| 000 | 01346cam a2200397 a 4500 | ||
|---|---|---|---|
| 001 | 60090 | ||
| 003 | CO-BoRNBP | ||
| 005 | 20251209202825.0 | ||
| 007 | ta | ||
| 008 | 021204s2003 ck r 00011dspa d | ||
| 040 |
_ala _cla |
||
| 041 | 1 |
_aspa _heng |
|
| 043 | _an-us--- | ||
| 082 | 0 | 4 |
_a813.4 _bJ15o3 _219 ed. |
| 084 | _aN JAM1 | ||
| 100 | 1 |
_aJames, Henry, _d1843-1916. _9537 |
|
| 245 | 1 | 0 |
_aOtra vuelta de tuerca / _cHenry James ; traducción Javier Escobar, Eva Zimmerman de Aguirre. |
| 250 |
_a2a. ed. : _bEditor Iván Hernández Arbeláez. |
||
| 300 |
_a143, 65 p. ; _c21 cm. |
||
| 336 |
_2rdacontent _atexto _btxt |
||
| 337 |
_2rdamedia _asin mediación _bn |
||
| 338 |
_2rdacarrier _avolumen _bnc |
||
| 501 | _aCon : Henry James : vida y obra. | ||
| 534 | _tThe turn of the screw. | ||
| 600 | 1 | 7 |
_aJames, Henry, _d1843-1916 _xCrítica e interpretación. _967724 |
| 650 | 7 |
_aNovela estadounidense. _2BLAAUTO _9761 |
|
| 650 | 7 |
_aBien y mal _vNovela. _2BLAAUTO _963713 |
|
| 650 | 7 |
_aFantasmas _vNovela. _2BLAAUTO _91761 |
|
| 650 | 7 |
_aNovela psicológica. _2BLAAUTO _936377 |
|
| 700 | 1 |
_aZimerman de Aguirre, Eva, _d1947- _etr. _967725 |
|
| 700 | 1 |
_aEscobar, Javier, _etr. _9543 |
|
| 700 | 1 |
_aHernández Arbeláez, Iván, _d1928- _eed. _967726 |
|
| 740 | 0 | 2 | _aHenry James : vida y obra. |
| 942 |
_2ddc _cBK |
||
| 949 |
_an _bn |
||
| 999 |
_c60090 _d60090 |
||